00488nam a22001097a 4500008004100000050002200041245021100063260004600274300001400320440002700334800001700361140822b xxu||||| |||| 00| 0 eng d aKD277.7.L39(1984) aThe Law Reports (1984) Queen's Bench Division: and on appeal therefrom in the Court of Appeal and decisions in the Court of Appeal Criminal Division and Employment Appeal Tribunal. /cedited by Carol Ellis aLondon:bButterworth and Co. Ltd.,c1984. axx,862p.: pQueen's Bench Division aEllis, Carol